• 首页
  • 本馆介绍
  • 公告通知
  • 最新文献
  • 馆藏检索
  • 电子资源
  • 读者导购
  • 参考咨询
  • 我的图书馆
  • 登录
  • 详细信息显示
  • 放入我的书架
  • 预约/预借图书
  • 作者相关作品
  • 分类相关作品
  • 丛书相关作品
  • 出版社相关作品

书目信息

  • 表格格式
  • 工作单格式
  • 卡片格式
题名:
末来的灾难
    
 
作者: 皮特.布鲁克史密斯 著 ;马永波 译
分册:  
出版信息: 海口   海南出版社  1999.10
页数: 282页
开本: 32开
丛书名:
单 册:
中图分类: R18-11
科图分类:
主题词: 流行病学 , 防疫
电子资源:
ISBN: 7-80645-591-4
000 00842nam0 2200241 45
001 0103090904
005 20031219104048.7
010    @a7-80645-591-4@dCNY22.80
100    @a20010309d1999 km y0chiy0120 ea
101 0  @achi
105    @a z 000yy
200 1  @a末来的灾难@AMo Lai De Zai Nan@e瘟疫复活与人类的生存之战@EWen Yi Fu Huo Yu Ren Lei De Sheng Cun Zhi Zhan@f(美)皮特.布鲁克史密斯著@F(Mei)Pi Te.Bu Lu Ke Shi Mi Si Zhu@g马永波译
210    @a海口@c海南出版社@d1999.10
215    @a282页@c彩图@d32开
304    @a书名原文:Future Plagues
517    @a瘟疫复活与人类的生存之战@AWen Yi Fu Huo Yu Ren Lei De Sheng Cun Zhi Zhan
606 0  @a流行病学
606 0  @a防疫
690    @aR18-11@v1
701  0 @a皮特.布鲁克史密斯@4著
702  0 @a马永波@AMa Yong Bo@4译
801    @aCN@bTSTC@c20010319
905    @b295487-491@dR18-11@e61@f5
    
    末来的灾难:瘟疫复活与人类的生存之战/(美)皮特.布鲁克史密斯著/马永波译.-海口:海南出版社,1999.10
    282页:彩图;32开
    
    
    ISBN 7-80645-591-4:CNY22.80
    
●
相关链接 在E读中查询图书 在五车中查询图书 在当当中查询图书 在豆瓣中查询图书


正题名:末来的灾难     索取号:R18-11/61         预约/预借

序号 登录号 条形码 馆藏地/架位号 状态 备注
1 0295487   002954878   第三借阅区/ [索取号:R18-11/61] 在馆    
2 0295488   002954887   第三借阅区/ [索取号:R18-11/61] 在馆    
3 0295489   002954896   第三借阅区/ [索取号:R18-11/61] 在馆    
4 0295490   002954903   第三借阅区/ [索取号:R18-11/61] 在馆    
5 0295491   002954912   第二样本阅览室/ [索取号:R18-11/61] 在馆    
唐山师范学院图书馆 欢迎您!
大连网信软件有限公司© 版权所有